Diarios de un comerciante bumangués (Registro nro. 301470)
[ vista simple ]
| 000 -ENCABEZADO | |
|---|---|
| Número de control [NR] | 01057nam a2200241 a 4500 |
| 005 - FECHA Y HORA DE LA ÚLTIMA TRANSACCIÓN | |
| control field | 20151002102204.0 |
| 008 - DE LONGITUD FIJA DE DATOS DE ELEMENTOS - INFORMACIÓN GENERAL | |
| Elementos de longitud fija [NR] | 151002s2005 ck a fr 00010 spa d |
| 020 ## - NUMERO INTERNACIONAL NORMALIZADO PARA LIBROS [R] | |
| Número Internacional Normalizado del libro [NR] | 9588040396 |
| 040 ## - FUENTE DE CATALOGACION [NR] | |
| Agencia de catalogación original [NR] | CO-BoUCM |
| Idioma de catalogación [NR] | spa |
| Quien Cataloga | Sandra Palacio |
| Quien Clasifica | Sandra Palacio |
| 041 0# - CODIGO DE IDIOMA [R] | |
| Código de idioma para texto/pista de sonido o título separado [R] | Español |
| 100 1# - ASIENTO PRINCIPAL--NOMBRE PERSONAL [NR] | |
| Nombre personal [NR] | Rugeles, Bartolomé |
| ID Autoridad | 71915 |
| 245 10 - MENCION DE TITULO [NR] | |
| Título [NR] | Diarios de un comerciante bumangués |
| Parte restante del título [NR] | 1899-1938 |
| Mención de responsabilidad, etc. [NR] | Bartolomé Rugeles ; transcripción y edición a cargo de Aída Martínez Carreño. |
| 260 3# - PUBLICACION, DISTRIBUCION, ETC. (PIE DE IMPRENTA) [R] | |
| Lugar de publicación, distribución, etc. [R] | Bogotá (Colombia) |
| Nombre del editor, distribuidor, etc. [R] | Universidad Autónoma de Bucaramanga |
| -- | Academia Colombiana de Historia |
| -- | Cámara de comercio de Bucaramanga |
| Fecha de publicación, distribución, etc. [R] | 2005 |
| 300 ## - DESCRIPCION FISICA [R] | |
| Extensión [R] | 399 páginas |
| Otros detalles físicos [NR] | ilustraciones |
| 600 16 - ASIENTO SECUNDARIO DE MATERIA - NOMBRE PERSONAL [R] | |
| Nombre personal [NR] | Rugeles, Bartolomé |
| Subdivisión de forma [R] | Autobiografías |
| 9 (RLIN) | 71916 |
| 650 #7 - ASIENTO SECUNDARIO DE MATERIA - TERMINO TEMATICO [R] | |
| 9 (RLIN) | 11189 |
| Término temático o nombre geográfico como elemento de entrada [NR] | Comerciantes |
| Subdivisión general [R] | Biografías |
| 650 #7 - ASIENTO SECUNDARIO DE MATERIA - TERMINO TEMATICO [R] | |
| 9 (RLIN) | 20169 |
| Término temático o nombre geográfico como elemento de entrada [NR] | Negociantes |
| Subdivisión general [R] | Biografías |
| 650 #7 - ASIENTO SECUNDARIO DE MATERIA - TERMINO TEMATICO [R] | |
| 9 (RLIN) | 7695 |
| Término temático o nombre geográfico como elemento de entrada [NR] | Historia |
| Subdivisión general [R] | Biografías |
| Subdivisión geográfica [R] | Bucaramanga (Colombia) |
| 690 ## - ASUNTO AGREGADO LOCAL DE ENTRADA - TÉRMINO TEMÁTICO (OCLC, RLIN) | |
| 9 (RLIN) | 42750 |
| Acceso temático local | Biografías |
| 700 12 - ASIENTO SECUNDARIO - NOMBRE PERSONAL [R] | |
| Nombre personal [NR] | Martínez Carreño, Aida |
| Fechas asociadas con el nombre [NR] | 1940-2009 |
| 9 (RLIN) | 71917 |
| 942 ## - ELEMENTOS DE ENTRADA AGREGADOS (KOHA) | |
| Sistema de clasificación | DEWEY |
| Tema principal | Biografías |
| Tipo de ítem principal el descrito en 300a | Libro |
| Edición | 1 |
| Clasificación | 920 |
| Parte restante de la signatura top. | R928 |
| Fecha de último préstamo | Total préstamos | Signatura topográfica | Código de barras | Última vez visto | Ejemplar | Costo de reposición | Price effective from | Tipo de ítem | Perdido | Sistema de clasificación | Dañado | No prestable | Tipo de ítem específico | Suprimido | Ubicación habitual | Ubicación actual | Localización | Fecha de creación | Proveedor | Forma de adquisición | Costo |
|---|---|---|---|---|---|---|---|---|---|---|---|---|---|---|---|---|---|---|---|---|---|
| 01/04/2019 | 1 | 920 R928 | 100147586 | 09/12/2025 | Ej.1 | 26000.00 | 17/09/2015 | Libro | DEWEY | Libro | Claustro | Claustro | 2do piso | 17/09/2015 | 12 | Donación | 0.00 |